|
|
|
|
| LEADER |
01077nam a22002892a 4500 |
| 001 |
001153411 |
| 003 |
CZ BrMZK |
| 005 |
20210817121044.0 |
| 007 |
ta |
| 008 |
110610s1983 xr er|||||||||||cze d |
| 015 |
|
|
|a cnb000006887
|
| 035 |
|
|
|a (OCoLC)85274005
|
| 040 |
|
|
|a ABA001
|b cze
|d ABA001
|d BOA001
|
| 080 |
9 |
|
|a 65.01 :681.3] :657 +658
|
| 100 |
1 |
|
|a Hejdová, Alena
|7 jx20050921017
|4 aut
|
| 245 |
1 |
0 |
|a Účetnictví a výroba.
|n Část 2,
|p Programové řešení pro počítače Tesla 270 /
|c Alena Hejdová, Karel Novotný (odpovědný řešitel) ... [et al.]
|
| 246 |
3 |
0 |
|a Programové řešení pro počítače Tesla 270
|
| 250 |
|
|
|a 2., dopl. vyd.
|
| 260 |
|
|
|a Praha :
|b Státní zemědělské nakladatelství,
|c 1983
|
| 300 |
|
|
|a 566 s.
|
| 500 |
|
|
|a 300 výt.
|
| 550 |
|
|
|a Vydavatel: Ústav racionalizace a řízení práce
|
| 710 |
2 |
|
|a Ústav racionalizace řízení a práce
|7 kn20050419001
|
| 910 |
|
|
|a BOA001
|b 2-0822.414,2
|
| 990 |
|
|
|a BK
|
| 991 |
|
|
|b 201106
|
| 996 |
6 |
|
|b 2619415527
|c 2-0822.414,2
|l MZK
|r Sklad / do 1 hodiny
|n 0
|w 001186324
|u 000010
|a 1
|e BOA001
|j MZK50
|s P
|